L'isola Delle Sette Palme

Сохранить в:
Библиографические подробности
Главный автор: Heinz G.Konsalik
Формат:
Язык:неизвестный язык
Опубликовано: Narrativa Club
Метки: Добавить метку
Нет меток, Требуется 1-ая метка записи!

MARC

LEADER 00000nam a2200000Ia 4500
001 R-1194
003 CODICE-MESSINA
005 20260212102503.0
008 260211s9999 xx 000 0 und d
040 |c importazione_messina 
100 |a Heinz G.Konsalik 
245 0 |a L'isola Delle Sette Palme 
260 |b Narrativa Club 
942 |2 ddc  |c BK 
952 |0 0  |1 0  |2 ddc  |4 0  |6 SCAFFALE_11_000000000000000__ROMANZI  |7 0  |9 32026  |a ME  |b ME  |d 2026-02-11  |l 0  |o SCAFFALE 11 - ROMANZI  |p R-1194  |r 2026-02-11 23:52:55  |w 2026-02-11  |x [REVISIONARE]  |y BK 
999 |c 27693  |d 27693